00525nam a2200193 a 4500001001300000003000900013005001700022008004100039020000800080082001700088100002200105245003000127260004300157300000900200500003500209505004700244650001800291700002200309nice12345678IN_TiNIC20260116012403.0050524s0000 hyda grp 000 0 urd  ac100a297.52bMOH1 aMohiuddin, Ghulam aNamaaz Mukammil(mutarjam) aHyderabadbCommercial Book Depotc0000 a128p aincludes index and biblioraphy2 aFoot notes by Maulana Maulvi Ilahi Bakhsh. aIslam-Prayers1 aMohiuddin, Ghulam